000 01314cam a2200325 a 4500
001 2469617
003 OSt
005 20211122041849.0
008 901108r1991 caua b 001 0 eng
010 _a 90024581
020 _a0803940912
020 _a0803940920 (pbk.)
040 _cMMU
_aMMU
_beng
_dMMU
050 0 0 _aH62
_b.R443 1991
082 0 0 _a300/.72
_220
245 0 0 _aReplication research in the social sciences /
_cedited by James W. Neuliep.
260 _aNewbury Park :
_bSage Publications,
_cc1991.
300 _a517 p. :
_bill. ;
_c23 cm.
500 _a"Originally published as a special issue of the Journal of social behavior and personality."
504 _aIncludes bibliographical references and indexes.
650 0 _aSocial sciences
_xResearch.
650 0 _aSocial sciences
_xMethodology.
650 0 _aReplication (Experimental design)
700 1 _aNeuliep, James William,
_d1957-
856 4 2 _3Publisher description
_uhttp://www.loc.gov/catdir/enhancements/fy0655/90024581-d.html
856 4 1 _3Table of contents only
_uhttp://www.loc.gov/catdir/enhancements/fy0655/90024581-t.html
906 _a7
_bcbc
_corignew
_d1
_eocip
_f19
_gy-gencatlg
942 _2lcc
_cSHORTLOAN
999 _c16436
_d16436